Statistics for Which year in the 21st Century?

Click here to take the quiz!

General Stats

  • This quiz has been taken 344 times
  • The average score is 13 of 19

Answer Stats

DescriptionYear% Correct
Planes crash into the World Trade Center2001
99%
Donald Trump is elected President of the United States2016
94%
Facebook is created by Mark Zuckerberg2004
84%
Tokyo will host the Summer Olympics2021
82%
The first iPhone is released2007
79%
Qatar will host the FIFA World Cup2022
79%
South Sudan becomes Independent2011
78%
Hurricane Katrina strikes North America2005
77%
The final Harry Potter film is released in theaters2011
75%
The film Avatar is released into U.S. theaters2009
74%
Wedding of Prince William and Catherine Middleton2011
69%
JetPunk was created2008
66%
The Burj Khalifa in Dubai is completed2009
66%
Montenegro becomes Independent2006
62%
Robert Mugabe resigns as President of Zimbabwe2017
56%
SpaceX will launch a human mission to Mars2024
52%
JetPunk crosses 200 million quizzes taken2018
51%
The Higgs boson is discovered2012
49%
Copyright on the earliest Mickey Mouse cartoons
expires in the U.S. under current copyright law
2023
35%

Score Distribution

Percentile by Number Answered

Percent of People with Each Score

Your Score History

You have not taken this quiz